| 000 | 01306aam a2200337 i 4500 | ||
|---|---|---|---|
| 001 | 768714001 | ||
| 003 | CO-MdFUSB | ||
| 005 | 20241023091910.0 | ||
| 007 | ta | ||
| 008 | 241023t2005 ag a|||| |||| 00| 0 spa d | ||
| 020 | _a987-9403-78-9 | ||
| 040 | _cCO-MdFUSB | ||
| 041 | 0 |
_aspa _heng |
|
| 082 | 0 | 4 |
_a261.8 _223 _bM996 |
| 100 | 1 |
_aMyers, Bryant _eautor |
|
| 240 | _aWalking with the poor : principles and practices of transformational development | ||
| 245 | 1 | 0 |
_aCaminar con los pobres : _bmanual teórico-práctico de desarrollo transformador _c/ Bryant L. Myers ; traducido por Patricia Lenton |
| 250 | _asegunda edición | ||
| 264 | 1 |
_bkairós, _aBuenos Aires, Argentina : _c[2005] |
|
| 264 | 4 | _c©2005 | |
| 300 |
_a289 páginas _c; 23 cm |
||
| 336 |
_atexto _btxt _2rdacontent |
||
| 337 |
_2rdamedia _asin mediación _bn |
||
| 338 |
_2rdacarrier _avolumen _bnc |
||
| 505 | _aDiagrama del curso - El relato bíblico - La pobreza y los pobres - Perspectivas sobre el desarrollo - Hacia una comprensión cristiana del desarrollo transformador - La práctica del desarrollo - El testimonio cristiano y el desarrollo transformador - | ||
| 563 | _aRústico | ||
| 650 | 0 |
_aEvangelización _9362 |
|
| 700 |
_aLenton, Patricia, _910964 _etraductor |
||
| 942 | _cBK | ||
| 945 | _aJTF-925 | ||
| 999 |
_c42735 _d42735 |
||